| 000 | 02148nam0a2200373 4500 | ||
|---|---|---|---|
| 001 | RU\NLR\BIBL_A\022251354 | ||
| 005 | 20260420010945.0 | ||
| 010 |
_a978-5-7598-3012-2 _9100 |
||
| 021 |
_aRU _bКН-П-24-026233 _9КН-П-24-2691 |
||
| 035 | _a(NLR Aleph) 022251354 | ||
| 090 |
_a13659402 _c13659402 |
||
| 100 | _a20240613d2024 k y0rusy50 ca | ||
| 101 | 0 | _arus | |
| 102 | _aRU | ||
| 105 | _aa|||z|||000yy | ||
| 181 | 0 |
_ai _baxxe |
|
| 182 | 0 | _an | |
| 200 | 1 |
_aНаучно-техническая политика: глобальные тренды и практики _eрезультаты исследований за 2022-2023 гг. _fМ. А. Гершман, Ф. Х. Брамбила Мартинес, С. В. Бредихин [и др.] _gредакционная коллегия: Л. М. Гохберг, М. А. Гершман _gВысшая школа экономики, Институт статистических исследований и экономики знаний |
|
| 203 |
_aТекст _bвизуальный _cнепосредственный |
||
| 210 |
_aМосква _cИСИЭЗ ВШЭ _d2024 |
||
| 215 |
_a155 с. _d29 |
||
| 320 | _aБиблиогр.: с. 149-155 | ||
| 606 | 1 |
_aТехническая политика _92647143 _3RU\NLR\AUTH\6601745363 |
|
| 686 | 1 | _aУ5-55 | |
| 701 | 1 |
_7ca _8rus _aГершман _bМ. А. _gМихаил Анатольевич _9236073 _3RU\NLR\AUTH\770236129 |
|
| 701 | 1 |
_7ca _8rus _aБрамбила Мартинес _bФ. Х. _gФрансиско Хавьер _9269856 _3RU\NLR\AUTH\770269912 |
|
| 701 | 1 |
_aБредихин _bС. В. |
|
| 702 | 1 |
_4340 _7ca _8rus _aГохберг _bЛ. М. _f1961- _gЛеонид Маркович _9114447 _3RU\NLR\AUTH\774467 |
|
| 712 | 0 | 2 |
_4475 _a"Высшая школа экономики", национальный исследовательский университет _bИнститут статистических исследований и экономики знаний _cМосква _9654000 _3RU\NLR\AUTH\880497066 |
| 942 | _cBOOK | ||
| 980 | _aNB | ||